DEVELOPMENT & PLANNING OF MODERN EDUCATION (Record no. 26820)

MARC details
000 -LEADER
fixed length control field 00348nam a22001577a 4500
003 - CONTROL NUMBER IDENTIFIER
control field SGT
020 ## - INTERNATIONAL STANDARD BOOK NUMBER
International Standard Book Number 9788125925316
082 ## - DEWEY DECIMAL CLASSIFICATION NUMBER
Classification number 370,AGG
100 ## - MAIN ENTRY--PERSONAL NAME
Personal name AGGARWAL,J.C.
245 ## - TITLE STATEMENT
Title DEVELOPMENT & PLANNING OF MODERN EDUCATION
250 ## - EDITION STATEMENT
Edition statement 9th
260 ## - PUBLICATION, DISTRIBUTION, ETC. (IMPRINT)
Place of publication, distribution, etc NE DELHI
Name of publisher, distributor, etc VIKASH PUB.
Year of Publication 2022
300 ## - PAGE DESCRIPTION
No. of Pages 602
650 ## - SUBJECT ADDED ENTRY--TOPICAL TERM
Topical term or geographic name as entry element EDUCATION
942 ## - ADDED ENTRY ELEMENTS (KOHA)
Source of classification or shelving scheme Dewey Decimal Classification
Koha item type Books
Holdings
Withdrawn status Lost status Source of classification or shelving scheme Damaged status Use restrictions Not for loan Collection code Home library Current library Shelving location Date acquired Vendor Name Cost, normal purchase price SGTU Bill Number Full call number Accession No. (Barcode) Date last seen Bill Date Koha item type Total Checkouts
    Dewey Decimal Classification   Restricted Access Not For Loan EDUCATION SGT Engineering Library SGT Engineering Library Reference Book 23/08/2024 AHUJA BOOK COMPANY 595.00 SGTU 19161 370,AGG ED5310 23/08/2024 27/08/2024 Books  
    Dewey Decimal Classification       EDUCATION SGT Engineering Library SGT Engineering Library Text Book 23/08/2024 AHUJA BOOK COMPANY 595.00 SGTU 19161 370,AGG ED5311 23/08/2024 27/08/2024 Books  
    Dewey Decimal Classification       EDUCATION SGT Engineering Library SGT Engineering Library Text Book 23/08/2024 AHUJA BOOK COMPANY 595.00 SGTU 19161 370,AGG ED5312 23/08/2024 27/08/2024 Books